|
|
|
|
| LEADER |
00919nam a2200241 a 4500 |
| 001 |
889181 |
| 008 |
800214s1977 sz b i000 0 eng |
| 010 |
|
|
|a 80451115
|
| 020 |
|
|
|a 9241540591
|
| 040 |
|
|
|a DLC
|c DLC
|d DLC
|
| 082 |
0 |
0 |
|a 610/.28/7
|2 18
|
| 110 |
2 |
|
|a World Health Organization.
|
| 245 |
1 |
4 |
|a The SI for the health professions :
|b prepared at the request of the thirtieth World Health Assembly.
|
| 260 |
|
|
|a Geneva :
|b World Health Organization,
|c 1977.
|
| 300 |
|
|
|a 75 p. ;
|c 19 cm.
|
| 504 |
|
|
|a Bibliography: p. 75.
|
| 541 |
1 |
|
|e 00003503
|
| 650 |
|
0 |
|a Medicine
|x Measurement.
|
| 650 |
|
0 |
|a Metric system.
|
| 711 |
2 |
|
|a World Health Assembly.
|
| 852 |
4 |
|
|a <add your library>
|j <shelf mark>
|
| 999 |
|
|
|c 850
|d 850
|
| 952 |
|
|
|0 0
|1 0
|2 ddc
|4 0
|6 610_287000000000000_SIF_1977
|7 0
|9 792
|a BRACUL
|b BRACUL
|c GEN
|d 2009-05-19
|g 0.00
|l 0
|o 610.287 SIF
|p 3010003503
|r 2009-05-19
|t 1
|w 2009-05-19
|y BK
|x No price found in the accession register.
|